FC 24 Team of the Year - Statistics

General Stats
  • This quiz has been taken 155 times
  • The average score is 16 of 22
Answer Stats
rat pos club player % Correct
97 ST Manchester City Erling Haaland
99%
97 LW Paris Saint-Germain Kylian Mbappé
99%
95 CDM Manchester City Rodri
97%
97 CF Inter Miami Lionel Messi
96%
96 CB Liverpool Virgil van Dijk
94%
95 GK Liverpool Alisson
93%
96 CM Manchester City Kevin De Bruyne
93%
94 RWB Bayer Leverkusen Jeremie Frimpong
92%
95 CB Manchester City Rúben Dias
92%
96 CM Real Madrid Jude Bellingham
90%
94 LB AC Milan Theo Hernández
89%
96 ST Chelsea Women Sam Kerr
74%
96 CM FC Barcelona Femení Alexia Putellas
71%
97 CM FC Barcelona Femení Aitana Bonmatí
64%
97 RW FC Barcelona Femení Caroline Graham Hansen
56%
94 GK Manchester United Women Mary Earps
51%
95 ST Portland Thorns Sophia Smith
46%
95 CB OL Féminin Wendie Renard
46%
95 CDM VfL Wolfsburg Women Lena Oberdorf
43%
95 LB PSG Féminine Sakina Karchaoui
43%
94 CB Chelsea Women Millie Bright
40%
95 RB FC Barcelona Femení Ona Batlle
40%
No matching quizzes found
Score Distribution
Percent of People with Each Score
Percentile by Number Answered
Your Score History
You have not taken this quiz